[Event "FRA-chT2S 9798"]
[Site "France"]
[Date "1998.??.??"]
[Round "10"]
[White "Fournier, Carolie"]
[Black "Thimon, Jerome"]
[Result "0-1"]
[WhiteElo "1780"]
[BlackElo "2040"]
[PlyCount "55"]
[EventDate "1997.??.??"]
[EventType "team"]
[EventRounds "9"]
[EventCountry "FRA"]
[SourceTitle "EXT 2003"]
[Source "ChessBase"]
[SourceDate "2002.11.25"]
[SourceVersion "1"]
[SourceVersionDate "2002.11.25"]
[SourceQuality "1"]

1. e4 d5 2. exd5 Nf6 3. c4 e6 4. dxe6 Bxe6 5. d4 Bb4+ 6. Bd2 Qe7 7. Bxb4 Qxb4+ 8. Qd2 Nc6 9. Qxb4 Nxb4 10. Na3 0-0-0 11. Ne2 Nd3+ 12. Kd2 Nxf2 13. Rg1 Rhe8 14. d5 c6 15. Nd4 Bg4 16. h3 Bh5 17. g4 Bg6 18. Rc1 Kb8 19. g5 Nh5 20. Be2 cxd5 21. c5 Rc8 22. b4 Nf4 23. Bb5 Re7 24. c6 Ne4+ 25. Kd1 Ne6 26. cxb7 Rxc1+ 27. Kxc1 Nxd4 28. Bc6 0-1

[Event "FRA-chT2S 9798"]
[Site "France"]
[Date "1998.??.??"]
[Round "9"]
[White "Thimon, Jerome"]
[Black "Laurent, Michel"]
[Result "1-0"]
[WhiteElo "2040"]
[BlackElo "1860"]
[PlyCount "109"]
[EventDate "1997.??.??"]
[EventType "team"]
[EventRounds "9"]
[EventCountry "FRA"]
[SourceTitle "EXT 2003"]
[Source "ChessBase"]
[SourceDate "2002.11.25"]
[SourceVersion "1"]
[SourceVersionDate "2002.11.25"]
[SourceQuality "1"]

1. e4 c5 2. c3 Nf6 3. e5 Nd5 4. Nf3 Nc6 5. d4 cxd4 6. cxd4 d6 7. exd6 Qxd6 8. Nc3 g6 9. Be2 Bg7 10. 0-0 0-0 11. Bg5 Re8 12. Qd2 Be6 13. Rfd1 Rad8 14. Bh6 Bxh6 15. Qxh6 Qf4 16. Ng5 Qf6 17. Qxh7+ Kf8 18. Bb5 Nxc3 19. Nxe6+ fxe6 20. bxc3 Rd5 21. Bd3 Rg5 22. Re1 Rd8 23. Rxe6 Rxg2+ 24. Kxg2 Qxe6 25. Bxg6 Qd5+ 26. Kf1 e5 27. Qh8+ Ke7 28. Qg7+ Kd6 29. Rd1 exd4 30. cxd4 Rd7 31. Qf6+ Kc7 32. Qf4+ Kd8 33. Be4 Qc4+ 34. Bd3 Qxa2 35. Bb5 Qb3 36. Qg5+ Kc7 37. Rc1 Rd5 38. Qg7+ Rd7 39. Qe5+ Kd8 40. Bxc6 bxc6 41. Qa5+ Ke8 42. Re1+ Kf8 43. Qc5+ Kg8 44. Qg5+ Kf8 45. Qf6+ Qf7 46. Qh8+ Qg8 47. Re8+ Kxe8 48. Qxg8+ Ke7 49. h4 Rd5 50. Qg7+ Ke6 51. Qxa7 Kf5 52. f3 Kf4 53. Kf2 Rh5 54. Qc7+ Kf5 55. Qf7# 1-0